Score 0/28 Timer 03:00
0 Plays Today
Title Missing Word % Correct
___ and the BeastBeauty
99.3%
Humpty ___Dumpty
98.1%
Goldilocks and the ___ BearsThree
97.9%
Little Red ___ HoodRiding
97.7%
The Boy Who Cried ___Wolf
97.7%
Three Blind ___Mice
97.7%
___ and the BeanstalkJack
97.4%
The Gingerbread ___Man
97.2%
___ PanPeter
96.6%
___ Bridge Is Falling DownLondon
96.3%
Puss in ___Boots
96.1%
___ and GretelHansel
95.8%
The ___ DucklingUgly
95.7%
Baa, Baa ___ SheepBlack
95.1%
Title Missing Word % Correct
The Goose That Laid the ___ EggsGolden
94.6%
The Emperor's ___ ClothesNew
92.5%
The ___ and the PeaPrincess
85.6%
Old ___ ColeKing
82.3%
The ___ Piper of HamelinPied
78.7%
The Three ___ Goats GruffBilly
76.8%
___ Jack HornerLittle
76.6%
Ali Baba and the ___ ThievesForty
66.5%
___ ThumbTom
65.1%
Who ___ Cock Robin?Killed
40.9%
The Little Match ___Girl
36.8%
The Nutcracker and the ___ KingMouse
30.7%
___ SoupStone
25.5%
Hans My ___Hedgehog
5%

Today's Daily Dose

Missing Word
'T' Pairs

Word Ladder
Game Pieces

Get the Picture
Baseball Movies

Remove Ads.
Support Sporcle.
Get the best of Sporcle when you Go Orange. This ad-free experience offers more features, more stats, and more fun while also helping to support Sporcle. Thank you for becoming a member.

You're not logged in!

Compare scores with friends on all Sporcle quizzes.
OR
Log In

Show Comments

Extras

Top Quizzes Today


Score Distribution

Your Account Isn't Verified!

In order to create a playlist on Sporcle, you need to verify the email address you used during registration. Go to your Sporcle Settings to finish the process.

Report this User

Report this user for behavior that violates our Community Guidelines.

Details: